000 01021cam a22003137a 4500
003 CHAP
005 20220817043927.0
008 040216d2002 mx r 00110 spa d
010 _a88053
011 _a89025
035 _a99574
040 _cCHAP
090 _aFolleto 16721
110 2 _aMéxico. Presidencia de la República
245 1 0 _aAgenda presidencial de buen gobierno
_c/por Presidencia de la República
260 _aMéxico, D.F. :
_bPresidencia de la República,
_c(2002).
300 _a43 p.
590 _aBATCH-UPD
_b10
_c20130110
_lUCH01
_h1808
590 _aBATCH-UPD
_b10
_c20130410
_lUCH01
_h1143
590 _aBATCH-UPD
_b10
_c20130914
_lUCH01
_h1825
590 _aBATCH-UPD
_b10
_c20161124
_lUCH01
_h1712
590 _aCONVERSION
_b10
_c20130109
_lUCH01
_h1349
650 1 4 _aAdministracion publica.
_9934
651 4 _aMéxico
_xPolítica y gobierno.
_976783
901 _aBK
905 _aAlejandra Carrasco M.
942 _cFOLL
949 _aFolleto 16721
_bBC
_cFOLL
_d33724002002389
_eTS1
_i99574
_sb
999 _c88053
_d88053